[Event "FRA-chT2 1011"]
[Site "France"]
[Date "2010.11.13"]
[Round "2.7"]
[White "Tagnon, Nicole"]
[Black "Bulcourt, Nicolas"]
[Result "0-1"]
[WhiteElo "1959"]
[BlackElo "1959"]
[PlyCount "100"]
[EventDate "2010.10.17"]
[EventType "team-tourn"]
[EventRounds "11"]
[EventCountry "FRA"]
[SourceTitle "EXT 2012"]
[Source "ChessBase"]
[SourceDate "2011.11.24"]
[SourceVersion "1"]
[SourceVersionDate "2011.11.24"]
[SourceQuality "1"]

1. e4 e6 2. d4 d5 3. Nd2 Be7 4. c3 Nf6 5. e5 Nfd7 6. f4 c5 7. Ndf3 Nc6 8. g3 cxd4 9. cxd4 Qb6 10. h4 Bb4+ 11. Kf2 Nf8 12. Kg2 Bd7 13. Rh2 0-0-0 14. Kh1 f6 15. a3 Be7 16. b4 h6 17. Ne2 Be8 18. h5 g6 19. Nc3 gxh5 20. Na4 Qc7 21. b5 Na5 22. Bd3 Kb8 23. Bd2 Nc4 24. Bb4 Bxb5 25. Qb3 Bxb4 26. axb4 Nd7 27. Nc3 a6 28. Nxb5 axb5 29. Rha2 Ndb6 30. Rc2 Qg7 31. Kh2 Rhg8 32. Rg1 Ne3 33. Re2 Ng4+ 34. Kh3 Nc4 35. Nh4 fxe5 36. dxe5 Nge3 37. Bg6 d4 38. Qd3 Qf8 39. Rb1 Ng4 40. Bxh5 Nge3 41. Ra2 Qe7 42. Ng6 Qf7 43. Rf2 Nf5 44. g4 Ng7 45. Rc1 Nxh5 46. gxh5 Nxe5 47. Qxb5 Qf5+ 48. Kg2 Qe4+ 49. Kh3 Qe3+ 50. Kg2 Nxg6 0-1

[Event "Montigny le Bretonneux-A 9th"]
[Site "Montigny le Bretonneux"]
[Date "2010.10.28"]
[Round "6"]
[White "Bulcourt, Nicolas"]
[Black "Bouvier, Clement"]
[Result "1-0"]
[WhiteElo "1962"]
[BlackElo "1883"]
[PlyCount "29"]
[EventDate "2010.10.23"]
[EventType "tourn"]
[EventRounds "9"]
[EventCountry "FRA"]
[SourceTitle "EXT 2011"]
[Source "ChessBase"]
[SourceDate "2010.11.26"]
[SourceVersion "1"]
[SourceVersionDate "2010.11.26"]
[SourceQuality "1"]

1. d4 c5 2. Nf3 e6 3. e3 Nf6 4. Be2 b6 5. 0-0 Bb7 6. c4 g5 7. Nc3 g4 8. Ne5 h5 9. dxc5 Bxc5 10. Na4 Bf8 11. b3 Qc7 12. Nd3 Bd6 13. Nf4 Rh6 14. Nc3 Nc6 15. Nb5 1-0

[Event "Montigny le Bretonneux-A 9th"]
[Site "Montigny le Bretonneux"]
[Date "2010.10.25"]
[Round "3"]
[White "Bulcourt, Nicolas"]
[Black "Kambrath, Yannick"]
[Result "1/2-1/2"]
[WhiteElo "1962"]
[BlackElo "2036"]
[PlyCount "27"]
[EventDate "2010.10.23"]
[EventType "tourn"]
[EventRounds "9"]
[EventCountry "FRA"]
[SourceTitle "EXT 2011"]
[Source "ChessBase"]
[SourceDate "2010.11.26"]
[SourceVersion "1"]
[SourceVersionDate "2010.11.26"]
[SourceQuality "1"]

1. d4 Nf6 2. Bf4 g6 3. e3 Bg7 4. Nf3 d5 5. Nbd2 c5 6. c3 Nc6 7. Be2 Nh5 8. Bg5 Nf6 9. Bf4 h6 10. h3 g5 11. Be5 Bf5 12. Bb5 Qb6 13. a4 a6 14. dxc5 1/2-1/2

[Event "FRA-chT2 1011"]
[Site "France"]
[Date "2010.10.17"]
[Round "1.5"]
[White "Bulcourt, Nicolas"]
[Black "Mandarin, Vitomir"]
[Result "0-1"]
[WhiteElo "1959"]
[BlackElo "2173"]
[PlyCount "58"]
[EventDate "2010.10.17"]
[EventType "team-tourn"]
[EventRounds "11"]
[EventCountry "FRA"]
[SourceTitle "EXT 2012"]
[Source "ChessBase"]
[SourceDate "2011.11.24"]
[SourceVersion "1"]
[SourceVersionDate "2011.11.24"]
[SourceQuality "1"]

1. d4 d5 2. Bf4 e6 3. e3 Bd6 4. Bg3 Nf6 5. Nd2 0-0 6. Bd3 Nc6 7. Ngf3 Ng4 8. c3 f5 9. Qe2 a6 10. h3 Nh6 11. Ne5 Bd7 12. Ndf3 Be8 13. Nxc6 Bxc6 14. Ne5 Be8 15. Bh2 c5 16. 0-0-0 b5 17. f4 c4 18. Bb1 b4 19. cxb4 Bxb4 20. g4 c3 21. b3 Qa5 22. Rd3 Bb5 23. Qc2 Nf7 24. gxf5 Nxe5 25. fxe5 Rxf5 26. Bf4 Rc8 27. Rg1 Bxd3 28. Qxd3 c2 29. Bxc2 Qxa2 0-1

[Event "FRA-chT2 West 0809"]
[Site "France"]
[Date "2009.01.18"]
[Round "6.6"]
[White "Bulcourt, Nicolas"]
[Black "Blanche, Paul"]
[Result "1/2-1/2"]
[WhiteElo "2002"]
[BlackElo "2092"]
[PlyCount "35"]
[EventDate "2008.10.19"]
[EventType "team-tourn"]
[EventRounds "11"]
[EventCountry "FRA"]
[SourceTitle "EXT 2010"]
[Source "ChessBase"]
[SourceDate "2010.11.25"]
[SourceVersion "1"]
[SourceVersionDate "2010.11.25"]
[SourceQuality "1"]
[WhiteTeam "Saint Quentin"]
[BlackTeam "Lisieux"]
[WhiteTeamCountry "FRA"]
[BlackTeamCountry "FRA"]

1. d4 d5 2. Bf4 Nf6 3. e3 c6 4. Nf3 Bg4 5. Nbd2 e6 6. c3 Bd6 7. Qb3 Bxf4 8. exf4 Qc7 9. Ne5 0-0 10. h3 Bf5 11. g4 Bg6 12. h4 h5 13. Be2 c5 14. Qd1 cxd4 15. cxd4 Bc2 16. Qc1 Rc8 17. 0-0 hxg4 18. Ndc4 1/2-1/2

[Event "FRA-chT2 West 0809"]
[Site "France"]
[Date "2008.10.19"]
[Round "1.5"]
[White "Matrand, Arnaud"]
[Black "Bulcourt, Nicolas"]
[Result "1-0"]
[WhiteElo "2154"]
[BlackElo "2002"]
[PlyCount "62"]
[EventDate "2008.10.19"]
[EventType "team-tourn"]
[EventRounds "11"]
[EventCountry "FRA"]
[SourceTitle "EXT 2010"]
[Source "ChessBase"]
[SourceDate "2010.11.25"]
[SourceVersion "1"]
[SourceVersionDate "2010.11.25"]
[SourceQuality "1"]
[WhiteTeam "Le Chesnay"]
[BlackTeam "Saint Quentin"]
[WhiteTeamCountry "FRA"]
[BlackTeamCountry "FRA"]

1. c4 Nf6 2. Nf3 c6 3. Nc3 d5 4. d4 e6 5. e3 Nbd7 6. Qc2 b6 7. Bd2 Bb7 8. cxd5 cxd5 9. Bd3 Rc8 10. Qd1 a6 11. 0-0 Bd6 12. Qe2 b5 13. h4 0-0 14. Rfb1 Qe7 15. Nd1 Nb6 16. Ne5 Nc4 17. Bc3 Qc7 18. a4 Bxe5 19. dxe5 Nd7 20. axb5 axb5 21. f4 f6 22. exf6 Nxf6 23. Ra7 Rf7 24. Bd4 Nd7 25. Qh5 h6 26. Bh7+ Kf8 27. Bg6 Re7 28. Nc3 Nxe3 29. Nxb5 Qb6 30. Rxb7 Qxb7 31. Nd6 Nxg2 1-0

[Event "Paris Apsap op 74th"]
[Site "Paris"]
[Date "2004.08.10"]
[Round "3"]
[White "Baillon, Olivier"]
[Black "Bulcourt, Nicolas"]
[Result "1-0"]
[WhiteElo "2242"]
[BlackElo "1961"]
[PlyCount "75"]
[EventDate "2004.08.??"]
[EventType "swiss"]
[EventRounds "9"]
[EventCountry "FRA"]
[SourceTitle "EXT 2005"]
[Source "ChessBase"]
[SourceDate "2004.11.15"]
[SourceVersion "1"]
[SourceVersionDate "2004.11.15"]
[SourceQuality "1"]

1. e4 e6 2. d4 d5 3. e5 c5 4. c3 Nc6 5. Nf3 Qb6 6. a3 Bd7 7. b4 cxd4 8. cxd4 Be7 9. Nc3 f6 10. Bd3 Rc8 11. Na4 Qd8 12. Bb2 Nh6 13. Rc1 0-0 14. Nc5 fxe5 15. dxe5 Bxc5 16. Rxc5 b6 17. Rc1 Rf4 18. 0-0 Qe7 19. b5 Na5 20. Rxc8+ Bxc8 21. g3 Rf8 22. Nd4 Bb7 23. Qb1 Nc4 24. Rc1 Nxb2 25. Qxb2 Ng4 26. f4 g5 27. Qe2 Nh6 28. Qh5 Nf5 29. Bxf5 exf5 30. Qxg5+ Qxg5 31. fxg5 Rc8 32. Rxc8+ Bxc8 33. Nc6 Kf7 34. Nxa7 Bd7 35. Kf2 Ke6 36. Nc6 Be8 37. Ke3 Bh5 38. Kf4 1-0

[Event "Paris Apsap op 71st"]
[Site "Paris"]
[Date "2004.04.23"]
[Round "6"]
[White "Bulcourt, Nicolas"]
[Black "Engel, Gerard"]
[Result "1-0"]
[WhiteElo "1740"]
[BlackElo "1960"]
[PlyCount "89"]
[EventDate "2004.04.19"]
[EventType "swiss"]
[EventRounds "7"]
[EventCountry "FRA"]
[SourceTitle "CBM 100 Extra"]
[Source "ChessBase"]
[SourceDate "2004.07.06"]
[SourceVersion "2"]
[SourceVersionDate "2004.07.06"]
[SourceQuality "1"]

1. d4 Nf6 2. Bg5 d5 3. Bxf6 exf6 4. e3 g6 5. Bd3 Bg7 6. Ne2 0-0 7. c3 c6 8. Nd2 f5 9. h4 h5 10. Nf4 Nd7 11. Qe2 Bh6 12. Nxh5 gxh5 13. Qxh5 Qf6 14. Bxf5 Nb6 15. Bd3 Qg7 16. 0-0-0 Bg4 17. Qe5 Qxe5 18. dxe5 Bxd1 19. Kxd1 Rad8 20. g4 Bg7 21. f4 Nc4 22. Bxc4 dxc4 23. Ke2 b5 24. Nf3 Rd7 25. h5 Rfd8 26. h6 Bf8 27. g5 c5 28. h7+ Kh8 29. f5 b4 30. g6 fxg6 31. fxg6 Bg7 32. Rh5 Re8 33. Rf5 Re6 34. Nh4 Rxe5 35. Rf3 Red5 36. Kf2 Rd2+ 37. Kg3 Rxb2 38. Nf5 Be5+ 39. Kg4 Rg2+ 40. Kh5 Rh2+ 41. Kg5 b3 42. axb3 cxb3 43. Nd4 cxd4 44. Rf8+ Kg7 45. Rg8# 1-0

[Event "Paris Apsap op 45th"]
[Site "Paris"]
[Date "2003.03.??"]
[Round "?"]
[White "Bulcourt, Nicolas"]
[Black "Aparisi Arnandis, Bernardo"]
[Result "0-1"]
[WhiteElo "1770"]
[BlackElo "1430"]
[PlyCount "56"]
[EventDate "2003.03.??"]
[EventType "swiss"]
[EventRounds "7"]
[EventCountry "FRA"]
[SourceTitle "CBM 093 Extra"]
[Source "ChessBase"]
[SourceDate "2003.05.09"]
[SourceVersion "1"]
[SourceVersionDate "2003.05.09"]
[SourceQuality "1"]

1. d4 Nf6 2. Bg5 g6 3. Bxf6 exf6 4. c4 Bg7 5. Nc3 0-0 6. e3 d6 7. Bd3 Nc6 8. a3 Ne7 9. Nge2 Bf5 10. Ng3 Bxd3 11. Qxd3 f5 12. 0-0 Bh6 13. Nge2 c6 14. b4 b6 15. Rfd1 d5 16. c5 Qc7 17. Rac1 f4 18. Nxf4 Bxf4 19. exf4 Qxf4 20. Ne2 Qg4 21. Ng3 f5 22. Re1 Rf7 23. Re5 f4 24. f3 Qh4 25. Nh1 Nf5 26. Nf2 Ne3 27. Re1 Raf8 28. Nd1 Qxe1+ 0-1